Logo BPK

Biblioteka

Politechniki Koszalińskiej

Zastosowanie czasowo-częstotliwościowej analizy sygnałów do badania niestatecznej pracy sprężarki promieniowej / (Rekord nr 54187)

Szczegóły MARC
000 -ETYKIETA REKORDU
podpole kontrolne o stałej długości 01276nam a2200313 i 4500
001 - NUMER KONTROLNY REKORDU
pole kontrolne bg
022 ## - MIĘDZYNARODOWY ZNORMALIZOWANY NUMER WYDAWNICTW CIĄGŁYCH - ISSN
ISSN 01374834
040 ## - ŹRÓDŁO KATALOGOWANIA
Instytucja, która utworzyła rekord BPK
041 0# - KOD JĘZYKA
Kod języka tekstu pol
Kod języka streszczenia lub abstraktu eng
044 ## - KOD KRAJU WYDAWCY/PRODUCENTA
Kod kraju wydawcy/producenta POL
080 ## - UNIWERSALNA KLASYFIKACJA DZIESIĘTNA - UKD
UKD 621.51/.54:532:517.4:621.391
008 - POLE O STAŁEJ DŁUGOŚCI - DANE KONTROLNE
podpole kontrolne o stałej długości s pl f |000 0 pol
100 1# - NAZWA OSOBOWA
Nazwa osobowa Horodko, Longin.
245 10 - TYTUŁ/ODPOWIEDZIALNOŚĆ
Tytuł Zastosowanie czasowo-częstotliwościowej analizy sygnałów do badania niestatecznej pracy sprężarki promieniowej /
Pozostałe elementy strefy tytułu i oznaczenia odpowiedzialności Longin Horodko.
260 ## - STREFA ADRESU WYDAWNICZEGO
Miejsce wydania Łódź :
Nazwa wydawcy/dystrybutora Wydawnictwo Politechniki Łódzkiej,
Data publikacji, dystrybucji/powstania dokumentu 2006.
300 ## - STREFA OPISU FIZYCZNEGO
Objętość 114, [2] s. :
Inne cechy fizyczne il. (w tym kolor.) ;
Rozmiary 24 cm.
490 1# - STREFA SERII I DOKUMENTU WIELOCZĘŚCIOWEGO - FORMA NIE DO WYSZUKIWANIA
Tytuł i oznaczenie odpowiedzialności serii Zeszyty Naukowe / Politechnika Łódzka. Rozprawy Naukowe,
ISSN 0137-4834 ;
Numeracja w obrębie serii z. 353
500 ## - UWAGI OGÓLNE
Tekst uwagi Numer serii gł.: 990. - Na s. red. odmienny tytuł serii : Zeszyty Naukowe Politechniki Łódzkiej.
504 ## - UWAGA DOTYCZĄCA BIBLIOGRAFII
Informacje o bibliografii Bibliogr. s. 109-114.
546 ## - UWAGA O JĘZYKU
Uwaga o języku Streszcz. ang.
650 #9 - HASŁO PRZEDMIOTOWE W FORMIE NAZWY OGÓLNEJ LUB JEDNOSTKOWEJ
Nazwa ogólna lub geograficzna Sprężarki przepływowe
Określnik ogólny badanie
650 #9 - HASŁO PRZEDMIOTOWE W FORMIE NAZWY OGÓLNEJ LUB JEDNOSTKOWEJ
Nazwa ogólna lub geograficzna Analiza falkowa
Określnik ogólny stosowanie
-- technika
650 #9 - HASŁO PRZEDMIOTOWE W FORMIE NAZWY OGÓLNEJ LUB JEDNOSTKOWEJ
Nazwa ogólna lub geograficzna Teoria sygnałów
Określnik ogólny stosowanie
-- technika
830 #0 - HASŁO DODATKOWE SERII LUB DOKUMENTU WIELOCZĘŚCIOWEGO - TYTUŁ UJEDNOLICONY
Tytuł ujednolicony Zeszyty Naukowe - Politechnika Łódzka.
Nazwa części/sekcji dzieła Rozprawy Naukowe,
-- 0137-4834 ;
Oznaczenie tomu z. 353
830 #0 - HASŁO DODATKOWE SERII LUB DOKUMENTU WIELOCZĘŚCIOWEGO - TYTUŁ UJEDNOLICONY
Tytuł ujednolicony Zeszyty Naukowe (Politechnika Łódzka) ;
Oznaczenie tomu nr 990
830 #0 - HASŁO DODATKOWE SERII LUB DOKUMENTU WIELOCZĘŚCIOWEGO - TYTUŁ UJEDNOLICONY
Tytuł ujednolicony Zeszyty Naukowe Politechniki Łódzkiej
856 ## - LOKALIZACJA I DOSTĘP DO ELEKTRONICZNYCH DOKUMENTÓW ZDALNYCH
Link (URL) http://koha.tu.koszalin.pl/cgi-bin/koha/opac-detail.pl?biblionumber=54187
Tekst linku Katalog online BPK
942 ## - DODATKOWE ELEMENTY (KOHA)
Typ dokumentu Książka
Egzemplarze
Wycofany Status egzemplarza Uszkodzony Dostępność Lokalizacja stała Lokalizacja bieżąca Miejsce przechowywania Sygnatura Kod kreskowy Typ dokumentu
      Dostępny Biblioteka Politechniki Koszalińskiej Biblioteka Politechniki Koszalińskiej Wypożyczalnia BG 85105 02384757 Książka
© 2023 Biblioteka Politechniki Koszalińskiej :: KOHA